Mobilising bond markets for a low-carbon transition

Salvato in:
Dettagli Bibliografici
Natura: Libro
Lingua:inglese
Pubblicazione: Paris OECD 2017
Serie:Green finance and investment
Soggetti:
Tags: Aggiungi Tag
Nessun Tag, puoi essere il primo ad aggiungerne!!

MARC

LEADER 00000nam a2200000 4500
001 0231308
005 20240314123158.0
020 |a 978-92-64-27231-6 
041 0 |a eng 
044 |a FR 
245 1 0 |a Mobilising bond markets for a low-carbon transition 
264 1 |a Paris  |b OECD  |c 2017 
300 |a 131 s. 
490 1 |a Green finance and investment 
830 0 |a Green finance and investment 
610 2 0 |a trh 
610 2 0 |a bondy 
610 2 0 |a ochrana prostredia životného 
610 2 0 |a financovanie 
610 2 0 |a investori 
610 2 0 |a investovanie